|
|
|
|
| LEADER |
00785nam a22002177a 4500 |
| 001 |
1046 |
| 003 |
BD-DhAAL |
| 008 |
091223t1980 ii ||||| |||| 00| 0 eng d |
| 999 |
|
|
|c 43495
|d 43495
|
| 040 |
|
|
|a BD-DhAAL
|
| 082 |
|
|
|a 307.720954
|
| 100 |
|
|
|a Misra, R. P.
|9 45721
|
| 245 |
|
|
|a Multi-level planning & integrated rural development in India /
|c R. P. Misra and K. V. Sundaram.
|
| 260 |
|
|
|a New Delhi :
|b Heritage,
|c c1980
|
| 300 |
|
|
|a ix, 234 pages ;
|c 22 cm.
|
| 541 |
|
|
|e 1046
|
| 650 |
|
|
|a Rural development
|z India.
|9 45722
|
| 700 |
|
|
|a Sundaram, K. V.
|9 45723
|
| 852 |
|
|
|a Ayesha Abed Library
|c General Stacks
|
| 942 |
|
|
|2 ddc
|c BK
|
| 952 |
|
|
|0 0
|1 0
|2 ddc
|4 0
|6 307_720954000000000_MIS
|7 0
|9 69777
|a BRACUL
|b BRACUL
|c GEN
|d 2022-02-14
|g 6000.00
|l 0
|o 307.720954 MIS
|p 3010001046
|r 2022-02-14
|t 1
|w 2022-02-14
|y BK
|